000 00698nam a2200217Ia 4500
003 GCL
008 140319s9999 xx 000 0 ara d
040 _aGCL /
_cGCL
082 0 4 _a709.031
_bن ف
100 1 _aنعمت اسماعيل علام
245 1 0 _aفنون الغرب فى العصور الوسطى والنهضة والباروك /
_cنعمت اسماعيل علام
260 _a[S.N] :
_bدار المعارف ،
_c1991
300 _a207 ص
490 _a
650 0 4 _aالفن
650 0 4 _aالعصور الوسطى
650 0 4 _aحضارة العصور الوسطى
650 0 4 _aعصر الباروك
650 0 4 _aعصر النهضة (1300 - 1494)
942 _2ddc
_cBK
999 _c58579
_d58579